000
00305nam a2200121Ia 4500
008
190216s9999||||xx |||||||||||||| ||und||
100
_a
Miuhammed V P
245
0
_a
Vyaktiyile Vyakti
260
_b
Sahithya Pravarthaka Sahakarana Sangam
_c
1988
300
_a
234p
650
_a
Malayalam Novel
942
_c
BK
999
_c
26428
_d
26428